| 000 | 00635nam a2200241Ia 4500 | ||
|---|---|---|---|
| 008 | 180523s9999 xx 000 0 und d | ||
| 020 | _a1-4039-0160-0 | ||
| 050 | _aMAIN HB 615 | ||
| 050 | _b.L44 2004 | ||
| 100 | _aLegge, John M. | ||
| 245 | 0 | _aEntrepreneurship : | |
| 245 | 0 | _bcontext, vision and planning / | |
| 245 | 0 | _cJohn M. Legge. | |
| 250 | _aKevin G. Hindle. | ||
| 260 | _aNew York : | ||
| 260 | _bPalgrave Macmillan, | ||
| 260 | _c2004 | ||
| 300 | _a411 pages : | ||
| 300 | _billustrations ; | ||
| 300 | _c25 cm. | ||
| 500 | _aIncludes bibliographical references and index. | ||
| 650 | _aEntrepreneurship. | ||
| 999 |
_c356790 _d356790 |
||